000 02144nam a22001817a 4500
005 20231130142644.0
010 _aENG-135333
020 _a9789392518089
_c695.00
035 _aEN-118865
037 _bDBAD/PUB
082 _a540
100 _aSukhatankar, K.V.
_959246
245 _aPhysics:
_bMCQs for Competitive Exam/
_cby K.V. Sukhatankar
260 _aAhmedabad
_bPrabha Publishing House
_c2022
270 _aB-7, Krishan Darshan Apartment Opp. Nava Vadaj Chauki
_bAhmedabad
_e380013
_k9998949394
_mprabhapublishinghouse@gmail.com
300 _a300p.
_c21cm(pbk)
942 _2ddc
_cEN
_mSUK
_h540
999 _c192865
_d192865